|
|
|
|
| LEADER |
01470nam a2200349 a 4500 |
| 001 |
36197 |
| 003 |
BD-DhAAL |
| 005 |
20211130114351.0 |
| 008 |
190924t1995 enka b 001 0 eng |
| 999 |
|
|
|c 41413
|d 41413
|
| 010 |
|
|
|a 94020664
|
| 020 |
|
|
|a 0521420156 (hardback)
|
| 020 |
|
|
|a 0521422353 (pbk.)
|
| 020 |
|
|
|a 9780521422352
|
| 040 |
|
|
|a DLC
|c DLC
|d DLC
|d BD-DhAAL
|
| 050 |
0 |
0 |
|a PE1128.A2
|b V35 1995
|
| 082 |
0 |
0 |
|a 428.007
|2 20
|
| 100 |
1 |
|
|a Vale, David.
|9 35283
|
| 245 |
1 |
0 |
|a Teaching children English :
|b a training course for teachers of English to children /
|c David Vale with Anne Feunteun.
|
| 260 |
|
|
|a Cambridge ;
|a New York :
|b Cambridge University Press,
|c 1995.
|
| 300 |
|
|
|a vi, 280 pages :
|b illustrations ;
|c 23 cm.
|
| 490 |
|
|
|a Cambridge teacher training and development
|
| 504 |
|
|
|a Includes bibliographical references (p. 274-275) and index.
|
| 526 |
|
|
|a BIED
|
| 541 |
|
|
|a Complimentary copy from BIED
|e 36197
|
| 650 |
|
0 |
|a English language
|x Study and teaching
|x Foreign speakers.
|9 35284
|
| 650 |
|
0 |
|a Children of immigrants
|x Education
|z Language arts.
|9 35285
|
| 650 |
|
0 |
|a English teachers
|x Training of.
|9 35286
|
| 700 |
1 |
|
|a Feunteun, Anne.
|9 35287
|
| 852 |
|
|
|a Ayesha Abed Library
|c BIED Collection
|
| 942 |
|
|
|2 ddc
|c BK
|
| 952 |
|
|
|0 0
|1 0
|2 ddc
|4 0
|6 428_007000000000000_VAL
|7 0
|9 66512
|a BRACUL
|b BRACUL
|c GEN
|d 2019-09-24
|e Complimentary copy from BIED
|l 0
|o 428.007 VAL
|p 3010036197
|r 2019-09-24
|t 1
|w 2019-09-24
|y BK
|x Transferred from BIED to General Stacks
|